000 00629nam a22001937a 4500
003 OSt
005 20250709063416.0
008 250709b |||||||| |||| 00| 0 eng d
020 _a9789719654711
040 _aDWCL - Main lib
_cOC
082 _aFil. 658.4034 S194o 2017
100 _aSan Pedro, Lorma S. L.
245 _aOperations research for business management/
_cLorma S. L. San Pedro
260 _aManila :
_bUnlimited Books,
_cc2017.
300 _axii, 216 pages :
_b illustrations ;
_c26 cm.
504 _aIncludes bibliographical references.
650 _a1. Operations research.
942 _2ddc
_cBK - FIL
_kFil.
_n0
999 _c3535
_d3535